|
|
|
|
| LEADER |
00600nam a22002052a 4500 |
| 001 |
001443666 |
| 003 |
CZ BrMZK |
| 005 |
20150710123914.0 |
| 007 |
ta |
| 008 |
141211s1920 gw er|||||||||||ger d |
| 040 |
|
|
|a BOA001
|b cze
|
| 100 |
1 |
|
|a Anzengruber, Ludwig,
|d 1839-1889
|7 jn20000600314
|4 aut
|
| 245 |
1 |
0 |
|a Meister-Erzählungen /
|c Ludwig Anzengruber
|
| 260 |
|
|
|a Leipzig :
|b Voigtländer,
|c [1920]
|
| 300 |
|
|
|a 12, 360 s.
|
| 910 |
|
|
|a BOA001
|b 2-0338.030
|
| 990 |
|
|
|a BK
|
| 993 |
|
|
|a Y
|
| 991 |
|
|
|b 201412
|
| 996 |
7 |
|
|b 2618988182
|c 2-0338.030
|l MZK
|r Sklad / do 24 hodin
|n 0
|w 001478467
|u 000010
|a 1
|e BOA001
|j MZK50
|s A
|